| 000 | 00746nam a2200241 a 4500 | ||
|---|---|---|---|
| 001 | 61581 | ||
| 003 | BD-RjUL | ||
| 005 | 20211209080959.0 | ||
| 008 | 170119r1957 acaa|||| b||| 00| 0 eng d | ||
| 035 | _a(BD-RjUL) 61705 | ||
| 040 |
_aBD-RjUL _beng _cBD-RjUL |
||
| 041 | _aeng | ||
| 082 |
_223 _a333.70994 _bANA 1957 |
||
| 100 |
_a Andrews, John _9183471 |
||
| 245 |
_aAustralia's resources and their utilisation / _cJohn Andrews |
||
| 260 |
_aSydney : _bThe Department of Tutorial Classes, _cc1956 [reprinted 1957] |
||
| 300 |
_aV. _bill. ; _c23 cm. |
||
| 504 | _aIncludes ibibliography | ||
| 505 | _aPT. 2-- | ||
| 650 |
_aNatural resources _z Australia _9183472 |
||
| 650 |
_aRessources naturelles _z Australie. _9183473 |
||
| 942 |
_2ddc _cBK |
||
| 999 |
_c61581 _d61581 |
||